[Event "GER-ch Seniors 65 31st"]
[Site "Radebeul"]
[Date "2019.05.04"]
[Round "9"]
[White "Knaak, Joachim"]
[Black "Vasiljev, Jurij"]
[Result "1-0"]
[WhiteElo "2139"]
[BlackElo "2042"]
[PlyCount "109"]
[EventDate "2019.04.26"]
[EventType "swiss"]
[EventRounds "9"]
[EventCountry "GER"]
[SourceTitle "CBM 190 Extra"]
[Source "ChessBase"]
[SourceDate "2019.07.15"]
[SourceVersion "1"]
[SourceVersionDate "2019.07.15"]
[SourceQuality "1"]

1. d4 d5 2. c4 c6 3. Nf3 Nf6 4. e3 g6 5. Nc3 Bg7 6. Bd3 0-0 7. Qc2 dxc4 8. Bxc4 b5 9. Bd3 Bb7 10. 0-0 Nbd7 11. e4 e5 12. dxe5 Ng4 13. Bg5 Qe8 14. Be2 Ngxe5 15. Rad1 Nxf3+ 16. Bxf3 Ne5 17. Be2 Qe6 18. h3 a6 19. Be3 Qe7 20. Rd2 Rfd8 21. Rfd1 g5 22. Bb6 Rxd2 23. Qxd2 Re8 24. Bd8 Qe6 25. Bxg5 b4 26. Na4 Qxa2 27. Nc5 Bc8 28. Qxb4 Ng6 29. Bc1 Bf8 30. Bc4 Qb1 31. Qb3 Ne5 32. Be3 Qxd1+ 33. Qxd1 Nxc4 34. Qe2 Nxe3 35. Qxe3 Bg7 36. b4 Rd8 37. Qg3 Be6 38. Nxe6 fxe6 39. Qc7 Rd1+ 40. Kh2 Rd2 41. Qb8+ Bf8 42. Qg3+ Bg7 43. f4 Rd4 44. f5 exf5 45. exf5 Kf7 46. Qc7+ Kf6 47. Qxc6+ Kxf5 48. Qc2+ Ke6 49. Qxh7 Be5+ 50. Kg1 Kd5 51. Qb7+ Kc4 52. Qxa6+ Kxb4 53. g4 Rd2 54. g5 Bd4+ 55. Kh1 1-0

[Event "GER-ch Seniors 65"]
[Site "Hamburg"]
[Date "2018.07.26"]
[Round "6"]
[White "Kiefer, Gerhard"]
[Black "Vasiljev, Jurij"]
[Result "1-0"]
[WhiteElo "2256"]
[BlackElo "2097"]
[PlyCount "79"]
[EventDate "2018.07.21"]
[EventType "swiss"]
[EventRounds "9"]
[EventCountry "GER"]
[SourceTitle "CBM 186 Extra"]
[Source "ChessBase"]
[SourceDate "2018.08.24"]
[SourceVersion "1"]
[SourceVersionDate "2018.08.24"]
[SourceQuality "1"]

1. e4 c5 2. Nf3 Nc6 3. d4 cxd4 4. Nxd4 d5 5. Bb5 dxe4 6. Nxc6 Qxd1+ 7. Kxd1 Bg4+ 8. Ke1 a6 9. Ne5+ axb5 10. Nxg4 f5 11. Ne3 e6 12. Nc3 b4 13. Nb5 Rc8 14. b3 Nf6 15. Nc4 Rc5 16. a4 Be7 17. Be3 Rc6 18. Bd4 0-0 19. Bxf6 Bxf6 20. Rd1 f4 21. Ke2 f3+ 22. gxf3 exf3+ 23. Kxf3 Bh4+ 24. Kg4 Bxf2 25. Rhf1 Rc5 26. Rd2 Rcf5 27. Kh3 h5 28. Nbd6 Rf4 29. Re2 g5 30. Kg2 Bd4 31. Rxf4 Rxf4 32. h3 b6 33. Nc8 g4 34. N8xb6 e5 35. hxg4 Rxg4+ 36. Kh3 Rf4 37. Nd5 Rf1 38. Nxb4 Rh1+ 39. Kg2 Rg1+ 40. Kh2 1-0

[Event "Niederrhein-ch"]
[Site "Solingen"]
[Date "2018.03.23"]
[Round "1.7"]
[White "Heyn, Peter"]
[Black "Vasiljev, Jurij"]
[Result "0-1"]
[WhiteElo "1796"]
[BlackElo "2036"]
[PlyCount "72"]
[EventDate "2018.03.23"]
[EventType "swiss"]
[EventRounds "7"]
[EventCountry "GER"]
[SourceTitle "EXT 2022"]
[Source "ChessBase"]
[SourceDate "2021.10.06"]
[SourceVersion "1"]
[SourceVersionDate "2021.10.06"]
[SourceQuality "1"]

1. d4 Nf6 2. c4 e6 3. a3 d5 4. Nc3 c6 5. e3 Bd6 6. Nf3 Nbd7 7. Be2 0-0 8. 0-0 b6 9. cxd5 exd5 10. Bd2 Bb7 11. Rc1 Ne4 12. Bd3 f5 13. Qe2 a5 14. Rfd1 Qe7 15. Rc2 b5 16. Nb1 b4 17. a4 Kh8 18. b3 Ndf6 19. Be1 g5 20. Rdc1 g4 21. Nfd2 Qg7 22. Nf1 f4 23. exf4 Bxf4 24. Ne3 Qh6 25. g3 Ng5 26. Nd2 Bxe3 27. fxe3 Rae8 28. Nf1 Nf3+ 29. Kh1 Nxd4 30. Qg2 Nxc2 31. Rxc2 Ne4 32. Bxe4 Rxe4 33. Bd2 Ba6 34. Rc1 Qf6 35. Kg1 Re5 36. e4 Bxf1 0-1

[Event "GER-chA Seniors 28th"]
[Site "Niederhausen"]
[Date "2016.08.19"]
[Round "7"]
[White "Vasiljev, Jurij"]
[Black "Steingrobe, Udo"]
[Result "1-0"]
[WhiteElo "2052"]
[BlackElo "2121"]
[PlyCount "97"]
[EventDate "2016.08.13"]
[EventType "swiss"]
[EventRounds "9"]
[EventCountry "GER"]
[SourceTitle "EXT 2019"]
[Source "ChessBase"]
[SourceDate "2018.10.10"]
[SourceVersion "1"]
[SourceVersionDate "2018.10.10"]
[SourceQuality "1"]

1. d4 Nf6 2. c4 e6 3. Nf3 d5 4. Nc3 c6 5. Bg5 dxc4 6. a4 Bb4 7. e3 b5 8. Be2 Bb7 9. 0-0 Bxc3 10. bxc3 Nbd7 11. Qb1 Qb6 12. e4 h6 13. Be3 a6 14. Ne5 Qc7 15. f4 0-0 16. Qe1 Nxe4 17. Bf3 f5 18. Bxe4 fxe4 19. Ng6 Rf6 20. f5 Nb6 21. Qh4 exf5 22. Bf4 Qf7 23. Ne5 Qe6 24. g4 fxg4 25. Nxg4 Rg6 26. h3 Nd5 27. Kh2 Nxf4 28. Rxf4 Rf8 29. Rxf8+ Kxf8 30. Qd8+ Qe8 31. Rf1+ Rf6 32. Qxe8+ Kxe8 33. Nxf6+ gxf6 34. Rxf6 Ke7 35. Rxh6 Ba8 36. axb5 axb5 37. Rh7+ Kd6 38. Ra7 b4 39. Rxa8 bxc3 40. h4 c2 41. Ra1 c5 42. dxc5+ Kxc5 43. h5 Kd4 44. h6 Kc3 45. h7 Kb2 46. h8Q+ c3 47. Qh6 Kxa1 48. Qc1+ Ka2 49. Qxc2+ 1-0

[Event "GER-chA Seniors 27th"]
[Site "Magdeburg"]
[Date "2015.08.21"]
[Round "7"]
[White "Vasiljev, Jurij"]
[Black "Ljubarskij, Jurij"]
[Result "1-0"]
[WhiteElo "2099"]
[BlackElo "2264"]
[PlyCount "163"]
[EventDate "2015.08.15"]
[EventType "swiss"]
[EventRounds "9"]
[EventCountry "GER"]
[SourceTitle "EXT 2018"]
[Source "ChessBase"]
[SourceDate "2017.10.13"]
[SourceVersion "1"]
[SourceVersionDate "2017.10.13"]
[SourceQuality "1"]

1. d4 d5 2. c4 c6 3. Nf3 Nf6 4. Nc3 dxc4 5. a4 Nd5 6. e4 Nxc3 7. bxc3 b5 8. axb5 cxb5 9. Be2 e6 10. 0-0 Be7 11. Be3 Bb7 12. Qb1 Bc6 13. Ne5 a6 14. Bf3 0-0 15. Nxc6 Nxc6 16. e5 Qc7 17. Be4 g6 18. f4 Rfd8 19. g4 b4 20. f5 Bf8 21. fxg6 fxg6 22. Bxg6 bxc3 23. Bf7+ Kh8 24. Bxe6 Nxd4 25. Bxd4 Rxd4 26. Rf7 Rxg4+ 27. Kf1 Qxf7+ 28. Bxf7 Rf4+ 29. Kg2 Rxf7 30. Qe4 Rc8 31. Rxa6 Rd7 32. e6 Rd2+ 33. Kh3 Rd3+ 34. Kg2 Rd2+ 35. Kf3 Be7 36. Ra8 Rxa8 37. Qxa8+ Rd8 38. Qa7 Rf8+ 39. Ke2 Bf6 40. Qc7 Kg8 41. Qxc4 Re8 42. Kf3 Kg7 43. Kg4 Rf8 44. Qc7+ Kg6 45. Qc5 Kg7 46. h4 Re8 47. Qc6 h5+ 48. Kf5 Rf8 49. Qc7+ Kh6 50. Ke4 Kg6 51. Qc5 Re8 52. Qg1+ Kh7 53. Kf5 Rg8 54. Qd1 Bg7 55. Qxh5+ Bh6 56. Qe2 Rc8 57. Qc2 Kg7 58. Ke5 Kg8 59. Kd6 Bf4+ 60. Kd7 Rc7+ 61. Kd8 Bd6 62. h5 Kh8 63. h6 Kg8 64. Qg6+ Kh8 65. e7 Rxe7 66. Qxd6 Rf7 67. Qg6 Rf8+ 68. Ke7 Rg8 69. Qf6+ Kh7 70. Qxc3 Kxh6 71. Kf7 Rg4 72. Qe3+ Kh5 73. Kf6 Rf4+ 74. Ke5 Rf7 75. Qh3+ Kg5 76. Qg3+ Kh5 77. Qb3 Kg6 78. Qe6+ Kg7 79. Qg4+ Kf8 80. Qg5 Re7+ 81. Kf6 Rc7 82. Qd5 1-0

[Event "Goch op 25th"]
[Site "Goch"]
[Date "2014.09.05"]
[Round "3"]
[White "Vasiljev, Jurij"]
[Black "Frericks, Harald"]
[Result "0-1"]
[WhiteElo "2124"]
[BlackElo "2259"]
[PlyCount "106"]
[EventDate "2014.09.04"]
[EventType "swiss"]
[EventRounds "7"]
[EventCountry "GER"]
[SourceTitle "EXT 2016"]
[Source "ChessBase"]
[SourceDate "2015.10.08"]
[SourceVersion "1"]
[SourceVersionDate "2015.10.08"]
[SourceQuality "1"]

1. d4 Nf6 2. c4 e6 3. Nc3 d5 4. Bg5 Be7 5. Nf3 h6 6. Bh4 0-0 7. e3 Ne4 8. Bxe7 Qxe7 9. Bd3 Nxc3 10. bxc3 dxc4 11. Bxc4 Nd7 12. 0-0 b6 13. e4 Bb7 14. Qe2 Nf6 15. Bd3 c5 16. Rac1 Rfd8 17. e5 Nh7 18. Rfd1 Rac8 19. Be4 Bxe4 20. Qxe4 Ng5 21. Nxg5 hxg5 22. f4 gxf4 23. Qxf4 Rd5 24. h4 Qd7 25. Rd3 cxd4 26. c4 Qc7 27. Rf1 Rxe5 28. Rxd4 Rf5 29. Qxc7 Rxf1+ 30. Kxf1 Rxc7 31. Ke2 Kf8 32. h5 Rc5 33. g4 Ke7 34. Kf3 e5 35. Re4 f6 36. Kg3 Kd6 37. Kh4 Ke6 38. Kg3 Ra5 39. Re2 Rc5 40. Re4 Ra5 41. Re2 Ra3+ 42. Kh4 Rc3 43. Re4 a6 44. a4 a5 45. c5 Rxc5 46. Re2 Rc4 47. Rb2 Rb4 48. Rc2 f5 49. Rc6+ Kd7 50. Rg6 Rxg4+ 51. Rxg4 fxg4 52. Kxg4 b5 53. Kf5 bxa4 0-1

[Event "Rheinhausen-ch op 18th"]
[Site "Rheinhausen"]
[Date "2014.03.07"]
[Round "5"]
[White "Vasiljev, Jurij"]
[Black "Mohrholz, Stefan"]
[Result "1-0"]
[WhiteElo "2078"]
[BlackElo "1889"]
[PlyCount "59"]
[EventDate "2014.01.10"]
[EventType "swiss"]
[EventRounds "7"]
[EventCountry "GER"]
[SourceTitle "EXT 2017"]
[Source "ChessBase"]
[SourceDate "2016.10.25"]
[SourceVersion "1"]
[SourceVersionDate "2016.10.25"]
[SourceQuality "1"]

1. d4 Nf6 2. c4 g6 3. Nc3 d5 4. Nf3 Bg7 5. g3 0-0 6. Bg2 c6 7. b3 Bf5 8. 0-0 Ne4 9. Bb2 Qa5 10. Qc1 Nd7 11. e3 e5 12. dxe5 Ndc5 13. Nxe4 dxe4 14. Bc3 Qc7 15. Nd2 Rfd8 16. Qc2 Bxe5 17. b4 Nd3 18. Nxe4 Nxb4 19. Bxb4 Bxa1 20. Rxa1 Qe5 21. Bc3 Bxe4 22. Bxe4 Qe6 23. Bb2 Rd6 24. Qc3 f6 25. c5 Rd7 26. Bc2 Kg7 27. Bb3 Qf5 28. e4 Qe5 29. Qxe5 fxe5 30. Bxe5+ 1-0

[Event "Rheinhausen-ch op 18th"]
[Site "Rheinhausen"]
[Date "2014.01.24"]
[Round "2"]
[White "Jentzsch, David"]
[Black "Vasiljev, Jurij"]
[Result "1/2-1/2"]
[WhiteElo "1761"]
[BlackElo "2078"]
[PlyCount "95"]
[EventDate "2014.01.10"]
[EventType "swiss"]
[EventRounds "7"]
[EventCountry "GER"]
[SourceTitle "EXT 2017"]
[Source "ChessBase"]
[SourceDate "2016.10.25"]
[SourceVersion "1"]
[SourceVersionDate "2016.10.25"]
[SourceQuality "1"]

1. e4 c5 2. Nc3 Nc6 3. f4 e6 4. Nf3 d5 5. Bb5 d4 6. Bxc6+ bxc6 7. Na4 Ba6 8. b3 c4 9. Ne5 cxb3 10. axb3 Qh4+ 11. g3 Qh3 12. Qf3 Bb7 13. d3 Rc8 14. Nb2 a6 15. Nd1 Nf6 16. Ba3 c5 17. Nf2 Qh6 18. Bc1 g6 19. f5 Qg7 20. fxe6 fxe6 21. Nfg4 Nxg4 22. Nxg4 Be7 23. Bh6 Qf7 24. Qe2 e5 25. Rf1 Qe6 26. Bg7 Rg8 27. Bxe5 h5 28. Nf6+ Bxf6 29. Bxf6 Rf8 30. Bg5 Rc7 31. Kd2 Rcf7 32. Bh6 Rxf1 33. Rxf1 Rxf1 34. Qxf1 Qf7 35. Qf4 Qxf4+ 36. gxf4 Bc6 37. Bg5 a5 38. Bh4 a4 39. bxa4 Bxa4 40. Bf2 Kd7 41. c3 dxc3+ 42. Kxc3 Kc6 43. d4 cxd4+ 44. Kxd4 Kd6 45. Ke3 Ke6 46. Be1 Bc2 47. Bc3 Bb1 48. Bb2 1/2-1/2